| 000 | 01155nam a22003857a 4500 | ||
|---|---|---|---|
| 001 | 000095779 | ||
| 003 | CHAP | ||
| 005 | 20220817044113.0 | ||
| 008 | 060524d2005 it rn 00110 fre d | ||
| 010 | _a92245 | ||
| 011 | _a93217 | ||
| 020 | _a9252050558 | ||
| 035 | _a103789 | ||
| 040 | _cCHAP | ||
| 082 | 0 | 4 |
_a631.5 _bF2f |
| 110 | 2 | _aFAO | |
| 245 | 1 | 0 |
_aSystémes agricoles intégrés bétail-poisson / _cpor D.C. Little y P. Edwards. |
| 260 |
_aRome : _bFAO, _c2005. |
||
| 300 |
_a197 p. : _bilus. ; gráfs. |
||
| 590 |
_aBATCH-UPD _b10 _c20130110 _lUCH01 _h0501 |
||
| 590 |
_aBATCH-UPD _b10 _c20130410 _lUCH01 _h0139 |
||
| 590 |
_aBATCH-UPD _b10 _c20130913 _lUCH01 _h2225 |
||
| 590 |
_aCONVERSION _b10 _c20130109 _lUCH01 _h1351 |
||
| 590 |
_aE5995AHE _b05 _c20140812 _lUCH01 _h0958 |
||
| 650 | 1 | 4 | _aAgricultura sustentable. |
| 650 | 1 | 4 |
_aSistemas de cultivo. _9106746 |
| 650 | 1 | 4 |
_aSistemas de producción. _9106767 |
| 700 | 0 |
_aEdwards, P. _935723 |
|
| 700 | 0 |
_aLittle, D.C. _967160 |
|
| 901 | _aBK | ||
| 905 | _aAlejandra carrasco M. | ||
| 942 | _cLIBRO | ||
| 942 | _n0 | ||
| 949 |
_a631.5 F4 _bBC _cFAO _d33724000986063 _eFAO1 _h107746 _i103789 _sb |
||
| 999 |
_c92245 _d92245 |
||